Waving through a window - Dear Evan Hansen all lyrics - Statistics

General Stats
  • This quiz has been taken 648 times
  • The average score is 407 of 446
Answer Stats
Answer % Correct
I
99%
on
99%
On
99%
a
98%
no
98%
No
98%
the
98%
be
97%
even
97%
I've
97%
i've
97%
make
97%
me
97%
through
97%
to
97%
waving
97%
Waving
97%
When
97%
window
97%
you
97%
an
96%
i'm
96%
I'm
96%
in
96%
out
96%
So
96%
Do
95%
for
95%
always
94%
ever
94%
glass
94%
if
94%
If
94%
learned
94%
looking
94%
of
94%
outside
94%
tap
94%
Will
94%
And
93%
and
93%
been
93%
tapping
93%
around
92%
Before
92%
more
92%
nobody
92%
slam
92%
than
92%
Because
91%
because
91%
but
91%
But
91%
can
91%
Can
91%
'Cause
91%
mistake
91%
see
91%
sun
91%
turn
91%
anybody
90%
at
90%
back
90%
hear
90%
is
90%
Is
90%
key
90%
oh
90%
Step
90%
step
90%
try
90%
you've
90%
answer
89%
appear
89%
burned
89%
with
89%
worst
89%
brake
88%
getting
88%
keep
88%
sound
88%
wait
87%
forest
86%
them
86%
there's
86%
theres
86%
watch
86%
watching
86%
people
85%
reason
85%
say
85%
speak
85%
you're
85%
away
84%
falling
84%
Give
84%
got
84%
nothing
84%
or
84%
stare
84%
pass
83%
We
83%
we
83%
Did
82%
slip
82%
lead
81%
really
80%
slipping
80%
crash
79%
share
79%
up
79%
where
79%
While
78%
doesn't
77%
eyes
77%
never
77%
stars
77%
start
77%
It's
76%
like
76%
one
76%
that
76%
belong
75%
our
75%
rise
75%
wrong
75%
made
74%
believing
72%
every
72%
tells
72%
went
72%
whoa
53%
yeah
35%
No matching quizzes found
Score Distribution
Percent of People with Each Score
Percentile by Number Answered
Your Score History
You have not taken this quiz